Эволюция структуры быстрорежущей стали в процессе селективной электронно-лучевой наплавки; Перспективные материалы; № 8
| Parent link: | Перспективные материалы № 8.— 2019.— [С. 65-70] |
|---|---|
| Autor Principal: | |
| Autor Corporativo: | |
| Outros autores: | |
| Summary: | Заглавие с экрана Методами оптической и растровой микроскопии, рентгеноструктурного анализа изучена структура быстрорежущей стали после процесса селективной электронно-лучевой наплавки исходного порошка стали 10Р6М5 дисперсностью 50 – 350 мкм. Наплавку осуществляли в вакууме с контролем мощности электронного луча, его диаметра, длины развертки и скорости движения подложки. Установлено, что с увеличением числа проходов электронного луча (до 18 проходов) в ранее наплавленном материале формируется мультимодальное распределение карбидной фазы по размерам: первичный эвтектический карбид типа М6С, находящийся по границам первичных аустенитных зерен, дисперсный вторичный карбид М6С и карбид VC. Эвтектический карбид с увеличением числа проходов электронного луча меняет свою морфологию от скелетообразного до отдельных округлых выделений. Вторичный карбид выделяется внутри зерен матрицы и его размер не превышает 250 нм. Доля мартенсита от общего объема матрицы увеличивается с ростом числа проходов с 77 до 95 %, что приводит к постепенному росту средней величины микротвердости наплавляемого материала и более однородному ее распределению по толщине покрытия. Мартенситная фаза с увеличением числа проходов электронного луча становятся все более грубой (от мелкодисперсного мартенсита до крупных игл, распространяющихся через все аустенитное зерно). Режим доступа: по договору с организацией-держателем ресурса |
| Idioma: | ruso |
| Publicado: |
2019
|
| Subjects: | |
| Acceso en liña: | https://doi.org/10.30791/1028-978X-2019-8-65-70 https://www.j-pm.ru/kopiya-2019-6-abs-1 |
| Formato: | Electrónico Capítulo de libro |
| KOHA link: | https://koha.lib.tpu.ru/cgi-bin/koha/opac-detail.pl?biblionumber=660746 |
MARC
| LEADER | 00000naa0a2200000 4500 | ||
|---|---|---|---|
| 001 | 660746 | ||
| 005 | 20250407155759.0 | ||
| 035 | |a (RuTPU)RU\TPU\network\30728 | ||
| 035 | |a RU\TPU\network\26703 | ||
| 090 | |a 660746 | ||
| 100 | |a 20191016d2019 k||y0rusy50 ca | ||
| 101 | 0 | |a rus | |
| 102 | |a RU | ||
| 135 | |a drcn ---uucaa | ||
| 181 | 0 | |a i | |
| 182 | 0 | |a b | |
| 200 | 1 | |a Эволюция структуры быстрорежущей стали в процессе селективной электронно-лучевой наплавки |f С. Ф. Гнюсов, А. А. Зеленков | |
| 203 | |a Текст |c электронный | ||
| 300 | |a Заглавие с экрана | ||
| 330 | |a Методами оптической и растровой микроскопии, рентгеноструктурного анализа изучена структура быстрорежущей стали после процесса селективной электронно-лучевой наплавки исходного порошка стали 10Р6М5 дисперсностью 50 – 350 мкм. Наплавку осуществляли в вакууме с контролем мощности электронного луча, его диаметра, длины развертки и скорости движения подложки. Установлено, что с увеличением числа проходов электронного луча (до 18 проходов) в ранее наплавленном материале формируется мультимодальное распределение карбидной фазы по размерам: первичный эвтектический карбид типа М6С, находящийся по границам первичных аустенитных зерен, дисперсный вторичный карбид М6С и карбид VC. Эвтектический карбид с увеличением числа проходов электронного луча меняет свою морфологию от скелетообразного до отдельных округлых выделений. Вторичный карбид выделяется внутри зерен матрицы и его размер не превышает 250 нм. Доля мартенсита от общего объема матрицы увеличивается с ростом числа проходов с 77 до 95 %, что приводит к постепенному росту средней величины микротвердости наплавляемого материала и более однородному ее распределению по толщине покрытия. Мартенситная фаза с увеличением числа проходов электронного луча становятся все более грубой (от мелкодисперсного мартенсита до крупных игл, распространяющихся через все аустенитное зерно). | ||
| 333 | |a Режим доступа: по договору с организацией-держателем ресурса | ||
| 461 | |t Перспективные материалы | ||
| 463 | |t № 8 |v [С. 65-70] |d 2019 | ||
| 610 | 1 | |a электронный ресурс | |
| 610 | 1 | |a труды учёных ТПУ | |
| 610 | 1 | |a электронно-лучевая наплавка | |
| 610 | 1 | |a вакуум | |
| 610 | 1 | |a сталь | |
| 610 | 1 | |a структура | |
| 610 | 1 | |a микротвердость | |
| 700 | 1 | |a Гнюсов |b С. Ф. |c специалист в области машиностроения |c профессор Томского политехнического университета, доктор технических наук |f 1960- |g Сергей Фёдорович |3 (RuTPU)RU\TPU\pers\26508 | |
| 701 | 1 | |a Зеленков |b А. А. |g Алексей Андреевич | |
| 712 | 0 | 2 | |a Национальный исследовательский Томский политехнический университет |b Инженерная школа неразрушающего контроля и безопасности |b Отделение электронной инженерии |3 (RuTPU)RU\TPU\col\23507 |
| 801 | 2 | |a RU |b 63413507 |c 20191016 |g RCR | |
| 856 | 4 | |u https://doi.org/10.30791/1028-978X-2019-8-65-70 | |
| 856 | 4 | |u https://www.j-pm.ru/kopiya-2019-6-abs-1 | |
| 942 | |c CF | ||